Double layers in astrophysics (Record no. 9455)
[ view plain ]
| 000 -LEADER | |
|---|---|
| fixed length control field | 00802nam a2200205Ia 4500 |
| 003 - CONTROL NUMBER IDENTIFIER | |
| control field | IN-BaIIA |
| 008 - FIXED-LENGTH DATA ELEMENTS--GENERAL INFORMATION | |
| fixed length control field | 211028s9999 xx 000 0 eng d |
| 040 ## - CATALOGING SOURCE | |
| Transcribing agency | IIA Library |
| 080 ## - UNIVERSAL DECIMAL CLASSIFICATION NUMBER | |
| Universal Decimal Classification number | 524(082.2) |
| Item number | DOU |
| 100 ## - MAIN ENTRY--PERSONAL NAME | |
| Personal name | Williams Alton, C. |
| 9 (RLIN) | 15906 |
| 111 ## - MAIN ENTRY--MEETING NAME | |
| Meeting name or jurisdiction name as entry element | Workshop on Double Layers in Astrophysics |
| Location of meeting | Maryland, USA |
| Date of meeting or treaty signing | 1985 Sep. 30- Oct. 4 |
| 9 (RLIN) | 15907 |
| 245 #0 - TITLE STATEMENT | |
| Title | Double layers in astrophysics |
| Remainder of title | proceeding of the workshop on double layers in astrophysics, held in Maryland, USA, September 30th- October 4, 1985 |
| Statement of responsibility, etc. | C. Williams Alton |
| 260 ## - PUBLICATION, DISTRIBUTION, ETC. | |
| Date of publication, distribution, etc. | 1987 |
| 300 ## - PHYSICAL DESCRIPTION | |
| Extent | x, 328p. |
| 490 ## - SERIES STATEMENT | |
| Series statement | NASA conference publication; 2469 |
| 650 ## - SUBJECT ADDED ENTRY--TOPICAL TERM | |
| Topical term or geographic name entry element | Astronomy and astrophysics thesaurus |
| 650 ## - SUBJECT ADDED ENTRY--TOPICAL TERM | |
| Topical term or geographic name entry element | Astrophysics |
| 9 (RLIN) | 794 |
| 700 ## - ADDED ENTRY--PERSONAL NAME | |
| Personal name | Moorehead Tauna, W. |
| 9 (RLIN) | 15908 |
| 942 ## - ADDED ENTRY ELEMENTS (KOHA) | |
| Koha item type | Books |
| Withdrawn status | Lost status | Damaged status | Not for loan | Home library | Current library | Shelving location | Date acquired | Total Checkouts | Full call number | Barcode | Date last seen | Price effective from | Koha item type |
|---|---|---|---|---|---|---|---|---|---|---|---|---|---|
| IIA Library-Bangalore | IIA Library-Bangalore | General Stacks | 524(082.2)/ DOU | 10365 | 05/11/2021 | Books |